000 00873nas a2200289 4500
001 BR0904884
003 BR-BrBNA
005 20231205113614.0
007 ta
008 230509b bl.|||p| |||| 00| 00por d
040 _aBR-BrBNA
_bpor
_cBiblioteca Nacional de Agricultura
041 _a(Pt)
072 _aH20
100 1 _aAssis, S.M.P.
100 1 _aMariano, R.L.R.
100 1 _aSilva-Hanlin, D.M.W.
100 1 _aDuarte, V.
245 1 _aMancha-Aquosa do melão causada por Acidovorax avenae subsp. citrulli, no estado do Rio Grande do Norte
650 _aMELÃO
650 _aDOENÇA DE PLANTA
650 _aBACTÉRIA
650 _aSEMENTE
650 _aRIO GRANDE DO NORTE
773 0 _tFitopatologia Brasileira (Brazil)
_xISSN 0100-4158
_g(Jun 1999), v. 24(2) p. 191
_wBR0904884
909 _a202311
_bLúcia
_c55
_dLúcia Elande
942 _2AGRIS
_n0
_cANA
999 _c204670
_d204670